| 000 | 00351nam a22001577a 4500 | ||
|---|---|---|---|
| 999 |
_c345647 _d345647 |
||
| 003 | NUST | ||
| 020 | _a969538000x | ||
| 038 | _aArshad | ||
| 082 | _a320.011 | ||
| 100 |
_aMazher ul Haq _928668 |
||
| 245 |
_aHuman resource management / _cGary Dessler |
||
| 250 | _a12thEd | ||
| 260 |
_aLahore _bBookland _c2003 |
||
| 300 | _a531p | ||
| 942 |
_cBK _2ddc |
||